000 00693nam a2200265Ia 4500
005 20260121170026.0
008 008 260114s9999 xx 000 0 eng d
020 _a9789462651111
037 _aEBOOK
040 _aCRL
040 _beng
040 _cCRL
041 _2eng
041 _aeng
084 _qCRL
100 _aBarbara Alicja Warwas
_91058891
245 4 _aThe Liability of Arbitral Institutions: Legitimacy Challenges and Functional Responses
260 _bSpringer
260 _bSpringer
260 _c2017
856 _uhttps://link.springer.com/openurl?genre=book&isbn=978-94-6265-111-1
942 _cEBOOK
999 _c1624620
_d1624620